000 01176naa a22003257a 4500
001 BR9704162
003 BR-BrBNA
005 20240918181911.0
007 ta
008 230509b bl.||||| |||| 00| 0 por d
040 _aBR-BrBNA
_bpor
_cBiblioteca Nacional de Agricultura
041 _a(Pt)
072 _aF60; E50
_b2790
090 _aF60 BR9704162
100 1 _aMuller, A.H.
100 1 _aDadoum, H.
100 1 _aLuna, M. de S.
111 1 _a5. Encontro de Profissionais da Quimica da Amazonia
_cSao Luis, MA (Brazil)
_d1985
245 1 _aIdentificacao estrutural de um diterpenoide inedito com esqueleto clerodano isolado das cascas do caule de Aparistmium cordatum
260 3 _aSao Luis, MA (Brasil):
_c1985.
500 _aAnais do 5. Encontro de Profissionais de Quimica da Amazonia Sao Luis, MA (Brasil): 1985. p. 51-54 (BR9704162-AM)F60
650 _aPlanta Medicinal
650 _aCaule
650 _aCasca
650 _aExtrato
650 _aFusao
773 0 _tAnais do 5. Encontro de Profissionais de Quimica da Amazonia
_wF60 BR9704162
_gSao Luis, MA (Brasil), 1985. p. 51-54
909 _a202404
_bLucia
_c55
_dLucia Elande
942 _cAM
_2AGRIS
999 _c327450
_d327450